Dän Meri Ngäbe kwe= El vestido tradicional de las mujeres Ngäbe /
Uloženo v:
| Hlavní autor: | |
|---|---|
| Médium: | Kniha |
| Jazyk: | Spanish |
| Vydáno: |
San José, Costa Rica:
Costa Rica. Ministerio de Cultura y Juventud,
2018
|
| Tagy: |
Přidat tag
Žádné tagy, Buďte první, kdo vytvoří štítek k tomuto záznamu!
|
MARC
| LEADER | 00000nam a22000007a 4500 | ||
|---|---|---|---|
| 003 | cru CRAI/IIS | ||
| 005 | 20200201062539.0 | ||
| 008 | 200131b2018 cr |||||r|||||||| ||spa|d | ||
| 999 | |c 42718 |d 42718 | ||
| 040 | |c cru CRAI/IIS | ||
| 090 | |a 05.02.01 A472d | ||
| 100 | 1 | |a Alvarado Méndez, Ana Lucía |9 9031 | |
| 245 | 1 | |a Dän Meri Ngäbe kwe= |b El vestido tradicional de las mujeres Ngäbe / |c Ana Lucía Alvarado Méndez | |
| 260 | |a San José, Costa Rica: |b Costa Rica. Ministerio de Cultura y Juventud, |c 2018 | ||
| 300 | |a 167 páginas: |b ilustraciones, fotos, mapas | ||
| 500 | |a Traducción al Ngäbere por Rigoberto Carrera Santiago | ||
| 942 | |2 ddc |c LI | ||
